| 000 | 00816nam a2200229Ia 4500 | ||
|---|---|---|---|
| 003 | GCL | ||
| 008 | 140319s9999 xx 000 0 ara d | ||
| 040 |
_aGCL / _cGCL |
||
| 082 | 0 | 4 |
_a330 _bم م |
| 100 | 1 | _aمحمد لطفى فرحات | |
| 245 | 1 | 0 |
_aمبادىء الاقتصاد القياسى - قياس العلاقات الاقتصادية / _cمحمد لطفى فرحات |
| 260 |
_a[S.N] : _bالدار الجماهيرية للنشر والتوزيع والاعلان ، _c1986 |
||
| 300 | _a231 ص | ||
| 490 | _a | ||
| 650 | 0 | 4 | _aالاقتصاد |
| 650 | 0 | 4 | _aالتكامل الاقتصادى |
| 650 | 0 | 4 | _aالتخطيط الاقتصادى |
| 650 | 0 | 4 | _aالعلاقات الاقتصادية |
| 650 | 0 | 4 | _aالاجتماع |
| 650 | 0 | 4 | _aالاجتماع الاقتصادى |
| 942 |
_2ddc _cBK |
||
| 999 |
_c58682 _d58682 |
||